|
|
|
|
| LEADER |
00000nam a22000007a 4500 |
| 008 |
240918b |||||||| |||| 00| 0 eng d |
| 020 |
|
|
|a 9781138578210
|
| 100 |
|
|
|a Morgan, George A.
|
| 245 |
|
|
|a IBM SPSS for introductory statistics
|b : use and interpretation
|c / George Morgan ... (et al)
|g xiv, 252p.;ill
|
| 250 |
|
|
|b 6th
|
| 260 |
|
|
|b Routledge
|c 2020
|h New York
|i 700194
|i 700195
|l HA32.So1
|m SPSS for Windows.
|m SPSS (Computer file) .
|m Social sciences--Statistical methods--Computer programs
|
| 500 |
|
|
|a it includes references and index
|
| 942 |
|
|
|a lcc
|c BK
|e Johnson
|f 18/09/24
|
| 952 |
|
|
|0 0
|1 0
|2 lcc
|4 0
|6 HA0032 S O1
|7 0
|9 5580
|a SSL
|b HOL
|c GJ
|d 2024-09-18
|l 0
|o HA32.So1
|p 2024-0818
|r 2024-09-18 00:00:00
|t 700194
|w 2024-09-18
|y BK
|
| 952 |
|
|
|0 0
|1 0
|2 lcc
|4 0
|6 HA0032 S O1
|7 0
|9 5581
|a HOL
|b HOL
|c GJ
|d 2024-09-18
|l 0
|o HA32.So1
|p 2024-0819
|r 2024-09-18 00:00:00
|t 700195
|w 2024-09-18
|y BK
|
| 999 |
|
|
|c 2753
|d 2753
|